1641 1407 1673 1904 1661 1039 1715 1294 1168 1763 1602 1170 1685 1021 1772 1155 1379 1597 1413 1773 1893 1097 1611 1988 1202 1780 1207 1417 1156 1462 1397 1341 1179 1828 1439 1667 1413 1940 1156 1803 1677 1162 1532 1777 1018 1618 1856 1191 1898 1628 1619 1668 1058 1055 1534 1573 1441 1096 1315 1662 1111 1749 1239 1002 1959 1473 1924 1610 1749 1195 1524 1495 1503 1938 1464 1151 1880 1542 1841 1255 1174 1377 1871 1078 1653 1904 1042 1141 1991 1363 1680 1029 1416 1678 1116 1056 1663 1387 1421 BCNSPRNW ULIB Ver.6.0+V

เปลี่ยนเป็นภาษาไทย

Change to English
 แสดงรายละเอียดบรรณานุกรม
  กลับหน้าหลัก

Brief Record : Get Marc (ISO 2709) : E-mail record : QR code < ปิดหน้าต่าง
LEADER : 00000nam 2200000uu 4500
001    13399111440
003     ULIB
008    110627s||||||||th 000 0 tha d
020    9786162360398
090    นว.^bส723ส 2554
100 0  สิทธิศักดิ์ ศรีธรรมวัฒนา
245 00 สัญญารักนาคราช/^cสิทธิศักดิ์ ศรีธรรมวัฒนา
260    นนทบุรี :^bธิงค์ บียอนด์ บุ๊คส์,^c2554
300    255 หน้า
945    ^p200^l0^i030179
995    ทศพร
999 ^a ใช้งานได้ทุกระบบ
รายการนี้ยังไม่มีแท็ก
คุณยังไม่ได้ล็อกอิน คุณสามารถมีกิจกรรมร่วมกับเว็บไซต์ได้ แต่ต้องล็อกอินก่อน ::
  ล็อกอิน

รายการสื่อสารสนเทศ

ลำดับที่ ประเภท เลขเรียก/บาร์โค้ด สถานที่ สถานะ
- ไม่พบข้อมูล -

BibComment


ยังไม่เคยถูกคอมเมนท์

คอมเมนท์ทรัพยากรรายการนี้
  คอมเมนท์: สัญญารักนาคราช สิ..


 Copyright 2026. Bcnsprnw @Library